Ganadores del Trofeo Kopa - Estadísticas

Estadísticas generales
  • Esta prueba ha sido intentada 50 veces
  • La puntuación promedio es 4 de 5
Estadísticas de respuestas
Año Ganador % Correcto
2022 Pablo Gavi
100%
2021 Pedri González
100%
2023 Jude Bellingham
93%
2018 Kylian Mbappé
74%
2019 Matthijs de Ligt
53%
No se encontraron pruebas coincidentes
Distribución de puntuación
Porcentaje de gente con cada puntuación
Porcentaje por número respondido
Historial de tus puntuaciones
No has intentado esta prueba.